Report Of The Finance Committee On The Request For Waiver Of Import Duties, Import Nhil/GetFund Levy, Import Vat, Exim Levy And Special Import Levy Amounting To The Ghana Cedi Equivalent Of Sixty-Two Million, Six Hundred And Eighty-One Thousand, And Sixty-Nine Euros (€62,681,069.00) On Materials And Equipment To Be Imported In Respect Of Phase II Of The Redevelopment And Modernization Of The Kumasi Central Market And Its Associated Infrastructure. (Record no. 4590)

MARC details
000 -LEADER
fixed length control field 00939nam a22001697a 4500
003 - CONTROL NUMBER IDENTIFIER
control field OSt
005 - DATE AND TIME OF LATEST TRANSACTION
control field 20250616101754.0
008 - FIXED-LENGTH DATA ELEMENTS--GENERAL INFORMATION
fixed length control field 241003b |||||||| |||| 00| 0 eng d
041 ## - LANGUAGE CODE
Language code of text/sound track or separate title English
082 ## - DEWEY DECIMAL CLASSIFICATION NUMBER
Classification number CR/NHIL/19 Acc.no. 10,004
110 ## - MAIN ENTRY--CORPORATE NAME
Corporate name or jurisdiction name as entry element Parliament Of Ghana
245 ## - TITLE STATEMENT
Title Report Of The Finance Committee On The Request For Waiver Of Import Duties, Import Nhil/GetFund Levy, Import Vat, Exim Levy And Special Import Levy Amounting To The Ghana Cedi Equivalent Of Sixty-Two Million, Six Hundred And Eighty-One Thousand, And Sixty-Nine Euros (€62,681,069.00) On Materials And Equipment To Be Imported In Respect Of Phase II Of The Redevelopment And Modernization Of The Kumasi Central Market And Its Associated Infrastructure.
260 ## - PUBLICATION, DISTRIBUTION, ETC.
Place of publication, distribution, etc. Accra
Name of publisher, distributor, etc. Parliament Of Ghana
Date of publication, distribution, etc. 2019
300 ## - PHYSICAL DESCRIPTION
Extent 7p., tabs.;
650 ## - SUBJECT ADDED ENTRY--TOPICAL TERM
Source of heading or term Redevelopment And Modernization Of The Kumasi Central Market And Its Associated Infrastructure.
942 ## - ADDED ENTRY ELEMENTS (KOHA)
Source of classification or shelving scheme Dewey Decimal Classification
Koha item type Reports
Suppress in OPAC No
Holdings
Withdrawn status Lost status Source of classification or shelving scheme Damaged status Not for loan Home library Current library Shelving location Date acquired Total checkouts Full call number Date last seen Copy number Price effective from Koha item type
    Dewey Decimal Classification     Main Library Main Library Open Shelves 03/10/2024   CR/NHIL/19 Acc.no. 10,004 C1 03/10/2024 1 03/10/2024 Reports
©2026  Parliament of Ghana Library - All rights reserved